• 首页
  • 本馆介绍
  • 公告通知
  • 最新文献
  • 馆藏检索
  • 电子资源
  • 读者导购
  • 参考咨询
  • 我的图书馆
  • 登录
  • 详细信息显示
  • 放入我的书架
  • 预约/预借图书
  • 作者相关作品
  • 分类相关作品
  • 丛书相关作品
  • 出版社相关作品

书目信息

  • 表格格式
  • 工作单格式
  • 卡片格式
题名:
共和国历史上的邓小平
    
 
作者: 阎润鱼 著
分册:  
出版信息: 石家庄   河北人民出版社  2000
页数: 462页
开本: 20cm
丛书名:
单 册:
中图分类: A762 , A76
科图分类:
主题词: 马克思--生事迹 , 马克思--传记 , 恩格斯--生平事迹 , 恩格斯--传记 , 列宁--生平事迹 , 列宁--传记 , 毛泽东--生平事迹 , 毛泽东--传记
电子资源:
ISBN: 7-202-02653-8
000 01081nam0 2200349 450
001 1265142344
005 20120928180723.34
010    @a7-202-02653-8@dCNY25.00
100    @a20010307d2000 em y0chiy0110 ea
101 0  @achi
102    @aCN@b130000
105    @ay z 000yd
106    @ar
200 1  @a共和国历史上的邓小平@Agong he guo li shi shang de deng xiao ping@f阎润鱼著
210    @a石家庄@c河北人民出版社@d2000
215    @a462页@d20cm
330    @a本书是叙述一代伟人邓小平的故事,包括:西南局第一书记、总书记十年、第二号走资派、主持全面整顿、拨乱反正、让中国走向世界、实施全方位开放战略等篇章。
600  0 @a邓小平@f1904-1997
600  0 @a邓小平@f1904-1997@x生平事迹
606 0  @a马克思@x生事迹
606 0  @a马克思@x传记
606 0  @a恩格斯@x生平事迹
606 0  @a恩格斯@x传记
606 0  @a列宁@x生平事迹
606 0  @a列宁@x传记
606 0  @a毛泽东@x生平事迹
606 0  @a毛泽东@x传记
690    @aA762@v4
690    @aA76@v4
701  0 @a阎润鱼@Ayan run yu@4著
801  0 @aCN@bNLC@c20010312
905    @a10447@dA76@eJY1
    
    共和国历史上的邓小平/阎润鱼著 .-石家庄:河北人民出版社,2000
    462页;20cm
    
    
    ISBN 7-202-02653-8:CNY25.00
    本书是叙述一代伟人邓小平的故事,包括:西南局第一书记、总书记十年、第二号走资派、主持全面整顿、拨乱反正、让中国走向世界、实施全方位开放战略等篇章。
●
相关链接 在E读中查询图书 在五车中查询图书 在当当中查询图书 在豆瓣中查询图书


正题名:共和国历史上的邓小平     索取号:A76/JY1         预约/预借

序号 登录号 条形码 馆藏地/架位号 状态 备注
1 7809422   278094223   学院路分馆/ [索取号:A76/JY1] 在馆    
2 7809423   278094232   学院路分馆/ [索取号:A76/JY1] 在馆    
唐山师范学院图书馆 欢迎您!
大连网信软件有限公司© 版权所有